01226nam a22001937a 4500008004100000020002900041050001900070100003400089245005600123260004600179300003200225500002000257505054300277650003700820650006700857650004700924655003300971655002801004110819t xxu||||| |||| 00| 0 eng d a1598632124 9781598632125 aQA76.73.S67H49 a Hess, KennethqKenneth Hess. aSQL power! : the comprehensive guidecKenneth Hess. aBoston bThomson Course Technologyc2007. axxi, 463 p. bill. c24 cm. aIncludes index. aContents: 1: SQL: The Language. 2: Relational Databases. 3: Database Software. 4: Data Definition Language. 5: MySQL. 6: Data Manipulation Language. 7: Data Control Language. 8: Advanced Queries. 9: Views. 10: SQL Optimization. 11: Normalization. 12: Embedded SQL. 13: Stored Procedures. 14: Data Warehousing. Appendix A: Database Administrator Utilities. Appendix B: MySQL Maintenance. Appendix C: MySQL Installation. Appendix D: Orca Installation. Appendix E: PHP Installation. Appendix F: Functions. Appendix G: Chapter Review Answers. aSQL (Computer program language)  aSQL (Computer program language) xExaminations, questions, etc aDatabase design xHandbooks, manuals, etc. aExaminations, questions, etc aHandbooks, manuals, etc